| 000 -CABECERA |
| Longitud fija campo de control |
00607nas a2200205 a 4500 |
| 001 - NÚMERO DE CONTROL |
| Número de control |
4962 |
| 003 - IDENTIFICADOR DEL NÚMERO DE CONTROL |
| Identificador del número de control |
CDMR |
| 005 - FECHA Y HORA DE LA ÚLTIMA TRANSACCIÓN |
| Fecha y hora de la última transacción |
20130718124856.0 |
| 008 - CÓDIGOS DE INFORMACIÓN DE LONGITUD FIJA |
| Códigos de información de longitud fija |
130130c1979||||sp |||||||||||||||||cat|d |
| 022 ## - NÚMERO INTERNACIONAL NORMALIZADO PARA PUBLICACIONES SERIADAS |
| Número Internacional Normalizado para Publicaciones Seriadas |
0210-587X |
| 040 ## - FUENTE DE LA CATALOGACIÓN |
| Centro catalogador de origen |
CDMR |
| Lengua de catalogación |
cat |
| Centro transcriptor |
CPC LLEIDA |
| 245 02 - MENCIÓN DE TÍTULO |
| Título |
L'Espill |
| Mención de responsabilidad, etc. |
dirigida per Joan Fuster |
| 260 ## - PUBLICACIÓN, DISTRIBUCIÓN, ETC. (PIE DE IMPRENTA) |
| Lugar de publicación, distribución, etc. |
València |
| Nombre del editor, distribuidor, etc. |
Universitat de València |
| Fecha de publicación, distribución, etc. |
1979- |
| 300 ## - DESCRIPCIÓN FÍSICA |
| Extensión |
v. |
| 310 ## - PERIODICIDAD ACTUAL |
| Periodicidad actual |
Trimestral |
| 362 ## - FECHAS DE PUBLICACIÓN Y/O DESIGNACIÓN SECUENCIAL |
| Fecha de publicación y/o designación secuencial |
1a època, núm. 1/2 (primavera/estiu 1979) - núm. 29 (oct. 1991) ; 2a època, núm. 1 (hivern 1999) - |
| 500 ## - NOTA GENERAL |
| Nota general |
Canvis d'editor |
| 700 1# - PUNTO DE ACCESO ADICIONAL - NOMBRE DE PERSONA |
| 9 (RLIN) |
2962 |
| Nombre de persona |
Fuster, Joan |
| Término indicativo de función |
dir. |
| 942 ## - ENTRADA DE ELEMENTOS AGREGADOS (KOHA) |
| Koha [por defecto] tipo de item |
Publicacions periòdiques |
| Fuente de clasificaión o esquema |
|